000 00644nam a22001337a 4500
040 _cRUA
082 _aFOR SEM 2012 B140 Or.1
100 _aSEM, SINUON.
245 _aStudy on clone methodology of acacia in camgra investment group company sihanuok province, សិក្សាអំពីវិធីសាស្ដ្រក្លូនអាកាស្យា នៅក្រុមហ៊ុនCAMGRA INVESTMENT GROUPខេត្តព្រះសីហនុ
260 _aPhnom Penh
_bRUA
_c2012
300 _ax; 48p.
_bill.
_c29cm.
856 _uhttps://drive.google.com/file/d/17LQBHuJYW8Q8valqgEnf9g5A0r8ohskz/view?usp=sharing
942 _cFOR
999 _c3415
_d3415